55 BRASILIANS FOOTBALLERS AND LEGENDS - Statistics

General Stats
  • This quiz has been taken 280 times
  • The average score is 15 of 55
Answer Stats
PLAYER % Correct
ACTIVE NEYMAR
95%
LEGEND PELE
93%
LEGEND RONALDINHO
92%
LEGEND ROMARIO
65%
LEGEND ZICO
61%
LEGEND ROBERTO CARLOS
59%
LEGEND KAKA
58%
LEGEND RIVALDO
58%
LEGEND CAFU
54%
ACTIVE VINICIUS
54%
ACTIVE MARCELO
45%
ACTIVE THIAGO SILVA
45%
ACTIVE RODRYGO
39%
LEGEND RONALDO NAZARIO
39%
ACTIVE CASEMIRO
38%
ACTIVE MARQUINHOS
35%
ACTIVE COUTINHO
33%
LEGEND DIDA
33%
ACTIVE EDERSON
33%
LEGEND BEBETO
28%
LEGEND ADRIANO
27%
LEGEND DANI ALVES
27%
ACTIVE GABRIEL JESUS
27%
ACTIVE RAPHINHA
27%
LEGEND LUCIO
26%
ACTIVE FRED
23%
ACTIVE HULK
23%
ACTIVE OSCAR
23%
LEGEND ROBINHO
23%
ACTIVE RICHARLISON
22%
LEGEND JULIO CESAR
20%
ACTIVE FIRMINO
18%
ACTIVE DANILO
15%
ACTIVE MILITAO
13%
ACTIVE ANTONY
12%
LEGEND MAICON
12%
ACTIVE FABINHO
11%
ACTIVE MARTINELLI
10%
ACTIVE WILLIAN
10%
ACTIVE LUCAS MOURA
9%
ACTIVE PATO
7%
ACTIVE GUIMARAES
6%
LEGEND RAMIRES
6%
LEGEND GILBERTO SILVA
5%
ACTIVE JOELLINTON
5%
ACTIVE BERNARD
4%
ACTIVE DANTE
4%
ACTIVE FELIPPE LUIS
4%
LEGEND MIRANDA
4%
ACTIVE DOUGLAS LUIZ
3%
ACTIVE MAGALHAES
2%
ACTIVE MELO
2%
ACTIVE SANDRO
1%
ACTIVE FERNADINHO
0%
ACTIVE JAO PEDRO
0%
No matching quizzes found
Score Distribution
Percent of People with Each Score
Percentile by Number Answered
Your Score History
You have not taken this quiz